000 00528nam a2200217 i 4500
001 bgj
100 1 _aUPDIKE, John
245 1 0 _aRabbit, Run /
_cJohn Updike.
260 _aNew York :
_bFawcett Crest,
_cc. 1969.
300 _a284 pp ;
_c18 cm.
650 9 _aMiddle class men
650 9 _aGrief
650 9 _aPsychological fiction
655 _aFiction
020 _a0449240312 (pbk)
040 _cBPK
041 0 _aeng
920 _a0-449-24031-2 (pbk)
942 _cKS
008 s uk f |000 0 eng
999 _c48038
_d48038
856 _uhttp://koha.tu.koszalin.pl/cgi-bin/koha/opac-detail.pl?biblionumber=48038
_yKatalog online BPK